| 000 | 00798cam a2200241 a 4500 | ||
|---|---|---|---|
| 001 | 000003399 | ||
| 005 | 20200929150429.0 | ||
| 008 | 890808s1989 ck a b 000 0 spa | ||
| 020 | _a9589043615 | ||
| 040 |
_aDO-SdBNP _cDLC _dDLC |
||
| 082 |
_aCO860.9 _bP349j |
||
| 100 | 1 |
_aPeña, Isaías _910593 |
|
| 245 | 1 | 0 |
_aJosé Eustasio Rivera / _cIsaías Peña. |
| 260 |
_aBogotá : _bProcultura, _c1989. |
||
| 300 |
_a142 p. : _bil. ; _c19 cm. |
||
| 440 | 0 |
_aClásicos colombianos ; _v2 _910583 |
|
| 504 | _aIncluye referencias bibliográficas | ||
| 600 | 1 | 0 |
_aRIVERA JOSÉ, EUSTASIO _d1888-1928 _910594 |
| 650 | 4 |
_aLiteratura colombiana _xCrítica e interpretación _910595 |
|
| 650 | 4 |
_aCrítica literaria _93141 |
|
| 700 | 1 |
_aPeña Gutiérrez, Isaías. _910596 |
|
| 910 | _aCatalogación por copia / LC | ||
| 999 |
_c3229 _d3229 |
||